Lomaharshini / (Record no. 93367)
[ view plain ]
| 000 -LEADER | |
|---|---|
| fixed length control field | 00549nam a22001937a 4500 |
| 005 - DATE AND TIME OF LATEST TRANSACTION | |
| control field | 20150623123405.0 |
| 010 ## - LCCN (DPL NO) | |
| LC control number | ENG-112878 |
| 020 ## - INTERNATIONAL STANDARD BOOK NUMBER | |
| Terms of availability | 200.00 |
| International Standard Book Number | 9788172764357 |
| 035 ## - SYSTEM CONTROL NUMBER | |
| System control number | EN-96410 |
| 037 ## - SOURCE OF ACQUISITION | |
| Source of stock number/acquisition | DBAD/PUB |
| 082 ## - DEWEY DECIMAL CLASSIFICATION NUMBER | |
| Classification number | N |
| 100 ## - MAIN ENTRY--PERSONAL NAME | |
| Personal name | Munshi,K.M. |
| 245 ## - TITLE STATEMENT | |
| Title | Lomaharshini / |
| Statement of responsibility, etc | by K.M. Munshi ; translated into English by Atul Kumar Jain |
| 260 ## - PUBLICATION, DISTRIBUTION, ETC. (IMPRINT) | |
| Place of publication, distribution, etc | Mumbai |
| Name of publisher, distributor, etc | Bharatiya Vidya Bhawan |
| Date of publication, distribution, etc | 2010 |
| 270 ## - ADDRESS | |
| Address | Kulapati Munshi Marg, |
| City | Mumbai |
| Postal code | 400007 |
| 300 ## - PHYSICAL DESCRIPTION | |
| Extent | ix,302p. |
| Dimensions | 22cm(pbk) |
| 700 ## - ADDED ENTRY--PERSONAL NAME | |
| Personal name | Jain, Atul Kumar |
| 942 ## - ADDED ENTRY ELEMENTS (KOHA) | |
| Source of classification or shelving scheme | Dewey Decimal Classification |
| Item type | English Books |
| Call number suffix | MUN |
| Classification part | N |
| Withdrawn status | Lost status | Not for loan | Collection code | Home library | Current library | Date acquired | Source of acquisition | Cost, normal purchase price | Full call number | Barcode | Copy number | Cost, replacement price | Koha item type |
|---|---|---|---|---|---|---|---|---|---|---|---|---|---|
| Not For Loan | Fiction | D.B.Act.Division | D.B.Act.Division | 06/05/2015 | DBAD/PUB | 200.00 | N MUN | EN-96410 | 1 | 200.00 | English Books |
